000 00468nam a2200181Ia 4500
005 20250326141257.0
008 250326s9999 xx 000 0 und d
037 _aTextbook
040 _aFMSL
_beng
_cFMSL
041 _aeng
_2eng
084 _aX:72 N4
_qFMSL
100 _aBERF
_9744065
245 0 _aValue added tax vat why & how
_cBERF
260 _aNoida
_bNoida, BERF
_c1994
300 _a102p
942 _cTB
_hX:72 N4
999 _c1289560
_d1289560